000 00831cam a22002897a 4500
003 CHAP
005 20220329141329.0
008 971013s1982 r 00010 d
010 _a66507
011 _a67479
035 _a76949
040 _cCHAP
082 _a581.634
_bM32
100 0 0 _aMarielle, Katherine.
_971368
245 0 _aSalud con plantas
260 _aMéxico :
_bArbol Editorial,
_c1982
300 _a211 p.
_b: ilus.
500 _aFotocopia
590 _aBATCH-UPD
_b10
_c20130110
_lUCH01
_h1136
590 _aBATCH-UPD
_b10
_c20130410
_lUCH01
_h0723
590 _aBATCH-UPD
_b10
_c20130914
_lUCH01
_h0741
590 _aCONVERSION
_b10
_c20130109
_lUCH01
_h1337
650 1 4 _aBotánica médica.
_914680
901 _aBK
942 _cLIBRO
949 _a581.634 M32
_bBC
_cLIBRO
_d33724000435574
_eLIBRO
_h74881
_i76949
_si
999 _c66507
_d66507